| 000 -LEADER |
| fixed length control field |
02270cam a22007937i 4500 |
| 020 ## - INTERNATIONAL STANDARD BOOK NUMBER |
| ISBN |
9780791850510 |
| 020 ## - INTERNATIONAL STANDARD BOOK NUMBER |
| ISBN |
079185051X |
| 020 ## - INTERNATIONAL STANDARD BOOK NUMBER |
| ISBN |
9780791850527 |
| 020 ## - INTERNATIONAL STANDARD BOOK NUMBER |
| ISBN |
0791850528 |
| 020 ## - INTERNATIONAL STANDARD BOOK NUMBER |
| ISBN |
9780791850534 |
| 020 ## - INTERNATIONAL STANDARD BOOK NUMBER |
| ISBN |
0791850536 |
| 020 ## - INTERNATIONAL STANDARD BOOK NUMBER |
| ISBN |
9780791850541 |
| 020 ## - INTERNATIONAL STANDARD BOOK NUMBER |
| ISBN |
0791850544 |
| 020 ## - INTERNATIONAL STANDARD BOOK NUMBER |
| ISBN |
9780791850558 |
| 020 ## - INTERNATIONAL STANDARD BOOK NUMBER |
| ISBN |
0791850552 |
| 020 ## - INTERNATIONAL STANDARD BOOK NUMBER |
| ISBN |
9780791850572 |
| 020 ## - INTERNATIONAL STANDARD BOOK NUMBER |
| ISBN |
0791850579 |
| 020 ## - INTERNATIONAL STANDARD BOOK NUMBER |
| ISBN |
9780791850589 |
| 020 ## - INTERNATIONAL STANDARD BOOK NUMBER |
| ISBN |
0791850587 |
| 020 ## - INTERNATIONAL STANDARD BOOK NUMBER |
| ISBN |
9780791850596 |
| 020 ## - INTERNATIONAL STANDARD BOOK NUMBER |
| ISBN |
0791850595 |
| 020 ## - INTERNATIONAL STANDARD BOOK NUMBER |
| ISBN |
9780791850619 |
| 020 ## - INTERNATIONAL STANDARD BOOK NUMBER |
| ISBN |
0791850617 |
| 020 ## - INTERNATIONAL STANDARD BOOK NUMBER |
| ISBN |
9780791850626 |
| 020 ## - INTERNATIONAL STANDARD BOOK NUMBER |
| ISBN |
0791850625 |
| 020 ## - INTERNATIONAL STANDARD BOOK NUMBER |
| ISBN |
9780791850633 |
| 020 ## - INTERNATIONAL STANDARD BOOK NUMBER |
| ISBN |
0791850633 |
| 020 ## - INTERNATIONAL STANDARD BOOK NUMBER |
| ISBN |
9780791850640 |
| 020 ## - INTERNATIONAL STANDARD BOOK NUMBER |
| ISBN |
0791850641 |
| 020 ## - INTERNATIONAL STANDARD BOOK NUMBER |
| ISBN |
9780791850657 |
| 020 ## - INTERNATIONAL STANDARD BOOK NUMBER |
| ISBN |
079185065X |
| 020 ## - INTERNATIONAL STANDARD BOOK NUMBER |
| ISBN |
9780791850664 |
| 020 ## - INTERNATIONAL STANDARD BOOK NUMBER |
| ISBN |
0791850668 |
| 020 ## - INTERNATIONAL STANDARD BOOK NUMBER |
| ISBN |
9780791850671 |
| 020 ## - INTERNATIONAL STANDARD BOOK NUMBER |
| ISBN |
0791850676 |
| 020 ## - INTERNATIONAL STANDARD BOOK NUMBER |
| ISBN |
9780791850688 |
| 020 ## - INTERNATIONAL STANDARD BOOK NUMBER |
| ISBN |
0791850684 |
| 040 ## - CATALOGING SOURCE |
| Transcribing agency |
LHL |
| 082 00 - DEWEY DECIMAL CLASSIFICATION NUMBER |
| Classification number |
621 INT 1993 C158 Or. |
| 245 10 - TITLE STATEMENT |
| Title |
Proceedings of the ASME International Mechanical Engineering Congress and Exposition--2016. |
| 246 14 - VARYING FORM OF TITLE |
| Title proper/short title |
2016 Proceedings of the ASME International Mechanical Engineering Congress and Exposition, IMECE2016 |
| 246 18 - VARYING FORM OF TITLE |
| Title proper/short title |
IMECE2016 |
| 300 ## - PHYSICAL DESCRIPTION |
| Number of Pages |
14 volumes in 16 parts : |
| Other physical details |
illustrations ; |
| Dimensions |
28 cm |
| 500 ## - GENERAL NOTE |
| General note |
" ... presented at ASME 2016 International Mechanical Engineering Congress and Exposition, November 11-17, 2016, Phoenix, Arizona, USA." |
| 650 #0 - SUBJECT ADDED ENTRY--TOPICAL TERM |
| Topical Term |
Mechanical engineering |
| 650 #0 - SUBJECT ADDED ENTRY--TOPICAL TERM |
| Topical Term |
Aerospace engineering |
| 650 #0 - SUBJECT ADDED ENTRY--TOPICAL TERM |
| Topical Term |
Bioengineering |
| 650 #0 - SUBJECT ADDED ENTRY--TOPICAL TERM |
| Topical Term |
Heat |
| 650 #0 - SUBJECT ADDED ENTRY--TOPICAL TERM |
| Topical Term |
Fluid dynamics |
| 650 #0 - SUBJECT ADDED ENTRY--TOPICAL TERM |
| Topical Term |
Electronics |
| 650 #0 - SUBJECT ADDED ENTRY--TOPICAL TERM |
| Topical Term |
Photonics |
| 650 #0 - SUBJECT ADDED ENTRY--TOPICAL TERM |
| Topical Term |
Engineering |
| 650 #0 - SUBJECT ADDED ENTRY--TOPICAL TERM |
| Topical Term |
Nanotechnology |
| 650 #0 - SUBJECT ADDED ENTRY--TOPICAL TERM |
| Topical Term |
Engineering |
| 650 #0 - SUBJECT ADDED ENTRY--TOPICAL TERM |
| Topical Term |
Transportation engineering |
| 650 #7 - SUBJECT ADDED ENTRY--TOPICAL TERM |
| Topical Term |
Aerospace engineering. |
| 650 #7 - SUBJECT ADDED ENTRY--TOPICAL TERM |
| Topical Term |
Bioengineering. |
| 650 #7 - SUBJECT ADDED ENTRY--TOPICAL TERM |
| Topical Term |
Electronics. |
| 650 #7 - SUBJECT ADDED ENTRY--TOPICAL TERM |
| Topical Term |
Engineering |
| 650 #7 - SUBJECT ADDED ENTRY--TOPICAL TERM |
| Topical Term |
Engineering |
| 650 #7 - SUBJECT ADDED ENTRY--TOPICAL TERM |
| Topical Term |
Fluid dynamics. |
| 650 #7 - SUBJECT ADDED ENTRY--TOPICAL TERM |
| Topical Term |
Heat |
| 650 #7 - SUBJECT ADDED ENTRY--TOPICAL TERM |
| Topical Term |
Mechanical engineering. |
| 650 #7 - SUBJECT ADDED ENTRY--TOPICAL TERM |
| Topical Term |
Nanotechnology. |
| 650 #7 - SUBJECT ADDED ENTRY--TOPICAL TERM |
| Topical Term |
Photonics. |
| 650 #7 - SUBJECT ADDED ENTRY--TOPICAL TERM |
| Topical Term |
Transportation engineering. |
| 710 2# - ADDED ENTRY--CORPORATE NAME |
| Corporate name or jurisdiction name as entry element |
American Society of Mechanical Engineers, |
| 942 ## - ADDED ENTRY ELEMENTS (KOHA) |
| Koha item type |
ADB |
| 952 ## - LOCATION AND ITEM INFORMATION (KOHA) |
| Withdrawn status [LOCAL, KOHA] |
0 |